000 00826cam a22002054a 4500
005 20250605164034.0
008 250528s ||||||||||||||||||||||||d
035 _a16749
020 _a960410215
040 _aGR-AtMCL
_bgre
_dGR-AtMCL
_eAACR2
245 1 _aΑπάντησε Μου
250 _a
260 _bΩκεανίδα,
_c2001
300 _a304
520 _aΤρεις ιστορίες. Οι παράλληλες ζωές τριών προσώπων, που παρασύρθηκαν από τα πάθη τους, δοκιμάστηκαν σκληρά από τη μοίρα και είδαν την αγάπη και την πίστη τους να κλονίζονται και να χάνονται ολότελα.
700 1 _aTamaro Suzanna
_92839
942 _cBK
999 _c2218
_d2218